Управление водными ресурсами в условиях глобальных экологических вызовов; Научная инициатива иностранных студентов и аспирантов

Bibliografiske detaljer
Parent link:Научная инициатива иностранных студентов и аспирантов.— 2025.— С. 73-77
Hovedforfatter: Баточир Должинжав
Andre forfattere: Шерстнева С. В. (научный руководитель), Ботыгин И. А. Игорь Александрович
Summary:В работе рассмотрены некоторые аспекты регионального дисбаланса качества доступных водных ресурсов. Приведено распределение типов источников централизованного питьевого водоснабжения, не соответствующих санитарно-эпидемиологическим требованиям. Отмечены субъекты РФ с плохими показателями санитарно-эпидемиологической безопасности. Выделены базовые направления напряженности в отношении водных ресурсов. Сделан вывод, что для эффективного управления водохозяйственным комплексом необходимо создать комплексную систему регулирования, которая бы обеспечивала координацию действий всех заинтересованных сторон
Текстовый файл
Sprog:russisk
Udgivet: 2025
Fag:
Online adgang:http://earchive.tpu.ru/handle/11683/132127
Format: MixedMaterials Electronisk Book Chapter
KOHA link:https://koha.lib.tpu.ru/cgi-bin/koha/opac-detail.pl?biblionumber=681011

MARC

LEADER 00000naa2a2200000 4500
001 681011
005 20250821102523.0
090 |a 681011 
100 |a 20250704d2025 k||y0rusy50 ca 
101 0 |a rus 
102 |a RU 
135 |a drcn ---uucaa 
200 1 |a Управление водными ресурсами в условиях глобальных экологических вызовов  |f Баточир Должинжав, Шерстнева С. В.  |g науч. рук. Ботыгин И. А. 
320 |a Список литературы: 13 назв 
330 |a В работе рассмотрены некоторые аспекты регионального дисбаланса качества доступных водных ресурсов. Приведено распределение типов источников централизованного питьевого водоснабжения, не соответствующих санитарно-эпидемиологическим требованиям. Отмечены субъекты РФ с плохими показателями санитарно-эпидемиологической безопасности. Выделены базовые направления напряженности в отношении водных ресурсов. Сделан вывод, что для эффективного управления водохозяйственным комплексом необходимо создать комплексную систему регулирования, которая бы обеспечивала координацию действий всех заинтересованных сторон 
336 |a Текстовый файл 
463 1 |0 680868  |9 680868  |t Научная инициатива иностранных студентов и аспирантов  |o сборник докладов V Международной научно-практической конференции, Томск, 22-24 апреля 2025 г.  |c Томск  |d 2025  |n Изд-во ТПУ  |u conference_tpu-2025-C19.pdf  |v С. 73-77 
545 1 |a Актуальные проблемы социально-гуманитарных наук 
610 1 |a электронный ресурс 
610 1 |a труды учёных ТПУ 
610 1 |a водные ресурсы 
610 1 |a водный кризис 
610 1 |a водная стратегия 
610 1 |a окружающая среда 
610 1 |a антропогенное загрязнение 
700 0 |a Баточир Должинжав 
701 1 |a Шерстнева  |b С. В. 
702 1 |a Ботыгин  |b И. А.  |c специалист в области информатики и вычислительной техники  |c доцент Томского политехнического университета, кандидат технических наук  |f 1947-  |g Игорь Александрович  |4 727 
801 0 |a RU  |b 63413507  |c 20250704  |g RCR 
850 |a 63413507 
856 4 |u http://earchive.tpu.ru/handle/11683/132127  |z http://earchive.tpu.ru/handle/11683/132127 
942 |c CF